<?xml version="1.0" encoding="UTF-8"?>
<marc:record xmlns:marc="http://www.loc.gov/MARC21/slim">
   <marc:leader>00000nam a2200000 a 4500</marc:leader>
   <marc:datafield ind1=" " ind2=" " tag="653">
      <marc:subfield code="a">Kinderfilm</marc:subfield>
   </marc:datafield>
   <marc:datafield ind1="0" ind2="0" tag="245">
      <marc:subfield code="a">Hanni und Nanni</marc:subfield>
   </marc:datafield>
   <marc:datafield ind1="0" ind2="0" tag="245">
      <marc:subfield code="b">Girl Power Pur</marc:subfield>
   </marc:datafield>
   <marc:datafield ind1=" " ind2="1" tag="264">
      <marc:subfield code="a">Schlieren</marc:subfield>
      <marc:subfield code="b">Universal Pictures Switzerland</marc:subfield>
      <marc:subfield code="c">2010</marc:subfield>
   </marc:datafield>
   <marc:datafield ind1="1" ind2=" " tag="490">
      <marc:subfield code="a">-</marc:subfield>
      <marc:subfield code="v">1</marc:subfield>
   </marc:datafield>
   <marc:datafield ind1="1" ind2=" " tag="520">
      <marc:subfield code="a">Die legendären Zwillinge Hanni und Nanni haben Generationen von Mädchen begeistert und nun endlich wurden ihre lustigen, mitreißenden Streiche verfilmt.&#xD;
&#xD;
Mit den Neuentdeckungen Sophia und Jana Münster in den Titelrollen und hochkarätigen deutschen Stars wie Hannelore Elsner, Heino Ferch, Suzanne von Borsody, Anja Kling, Katharina Thalbach und Oliver Pocher erwacht Enid Blytons Kultbuchserie zu neuem frischen Leben.&#xD;
&#xD;
Sie sind unzertrennlich, haben reichlich Unfug im Sinn und gleichen sich bis in die Haarspitzen: Hanni und Nanni. Ganz leicht haben es die Zwillinge ihren Eltern nie gemacht, aber diesmal haben sie es mit einer Verfolgungsjagd durch ein Luxuskaufhaus einfach zu weit getrieben. Nach einem Schulverweis landen sie im idyllischen Internat Lindenhof und müssen sich in einer völlig neuen Welt zurechtfinden. Während die sanftmütigere Nanni schnell erste Freundschaften schließt, fällt es Hitzkopf Hanni zunächst etwas schwerer, sich einzugewöhnen. Doch die wahre Zerreißprobe wartet auf beide, als sie im Lindenhof-Hockeyteam gegen die Mädchen ihrer alten Schule antreten sollen und sich entscheiden, wohin sie gehören.</marc:subfield>
   </marc:datafield>
   <marc:datafield ind1=" " ind2=" " tag="041">
      <marc:subfield code="a">ger</marc:subfield>
   </marc:datafield>
   <marc:datafield ind1=" " ind2=" " tag="338">
      <marc:subfield code="a">Videodisk</marc:subfield>
   </marc:datafield>
   <marc:datafield ind1=" " ind2=" " tag="300">
      <marc:subfield code="a">1 DVD</marc:subfield>
   </marc:datafield>
</marc:record>
